Ley No.60-88 sobre donación de córneas ley No.391 sobre donación de órganos (Registro nro. 5805)

Detalles MARC
000 -LEADER
fixed length control field 00518nam a22001811a 4500
001 - CONTROL NUMBER
control field 5805
003 - CONTROL NUMBER IDENTIFIER
control field OSt
005 - DATE AND TIME OF LATEST TRANSACTION
control field 20260204212029.0
008 - FIXED-LENGTH DATA ELEMENTS--GENERAL INFORMATION
fixed length control field 060211s1997||||dr ||||||b||||||||||spa||
050 ## - LIBRARY OF CONGRESS CALL NUMBER
Classification number RD 617.719 R299l
110 ## - ASIENTO PRINCIPAL -- NOMBRE CORPORATIVO
Corporate name or jurisdiction name as entry element República Dominicana
245 ## - TÍTULO PROPIAMENTE DICHO: SUBTÍTULO
Title Ley No.60-88 sobre donación de córneas ley No.391 sobre donación de órganos
264 ## - PRODUCTION, PUBLICATION, DISTRIBUTION, MANUFACTURE, AND COPYRIGHT NOTICE
Place of production, publication, distribution, manufacture Santo Domingo : Congreso Nacional
300 ## - PHYSICAL DESCRIPTION
Extensión 8 p
500 ## - GENERAL NOTE
General note Donado
650 ## - ASIENTO SECUNDARIO DE MATERIA -- TERMINO TEMÁTICO
Termino Temático Como Elemento de Entrada 1.Córnea - Oftarmología 2.Córnea - DonaciónÌ
942 ## - ADDED ENTRY ELEMENTS (KOHA)
Source of classification or shelving scheme Dewey Decimal Classification
Koha item type Libros
Existencias
Withdrawn status Lost status Source of classification or shelving scheme Damaged status Not for loan Current library Date acquired Full call number Barcode Date last seen Price effective from Koha item type Total Checkouts
    Dewey Decimal Classification Dañado   Biblioteca UTECO 09/09/2019 RD 617.719 R299L 010356 09/09/2019 09/09/2019 Libros  
    Dewey Decimal Classification     Biblioteca UTECO 09/09/2019 RD 617.719 R299L 010357 09/09/2019 09/09/2019 Libros  
    Dewey Decimal Classification Dañado   Biblioteca UTECO 09/09/2019 RD 617.719 R299L 010358 09/09/2019 09/09/2019 Libros  
    Dewey Decimal Classification Dañado   Biblioteca UTECO 09/09/2019 RD 617.719 R299L 010359 09/09/2019 09/09/2019 Libros  
    Dewey Decimal Classification Dañado   Biblioteca UTECO 09/09/2019 RD 617.719 R299L 010360 09/09/2019 09/09/2019 Libros  
    Dewey Decimal Classification Dañado   Biblioteca UTECO 09/09/2019 RD 617.719 R299L 010361 09/09/2019 09/09/2019 Libros  
    Dewey Decimal Classification Dañado   Biblioteca UTECO 09/09/2019 RD 617.719 R299L 010362 09/09/2019 09/09/2019 Libros  
    Dewey Decimal Classification Dañado   Biblioteca UTECO 09/09/2019 RD 617.719 R299L 010363 09/09/2019 09/09/2019 Libros  
    Dewey Decimal Classification Dañado   Biblioteca UTECO 09/09/2019 RD 617.719 R299L 010364 09/09/2019 09/09/2019 Libros  
    Dewey Decimal Classification Dañado   Biblioteca UTECO 09/09/2019 RD 617.719 R299L 010365 09/09/2019 09/09/2019 Libros  
    Dewey Decimal Classification Dañado   Biblioteca UTECO 09/09/2019 RD 617.719 R299L 010366 09/09/2019 09/09/2019 Libros  
© 2021 Derechos Reservados UTECO - Teléfono: +1 809-585-2291 - Correo electrónico: biblioteca@uteco.edu.do​  
Código postal 43000 ​​
Dirección: Avenida Universitaria No. 100, 
Cotuí, Provincia Sánchez Ramírez, República Dominicana - RNC: 404-00059-6